|
|
|
|
| LEADER |
00797nam a2200217 i 4500 |
| 001 |
c000373533 |
| 003 |
CARM |
| 005 |
00000000000000.0 |
| 008 |
851119s1963 enk 0 d |
| 019 |
1 |
|
|a 4098037
|z 25521384
|5 LACONCORD2021
|
| 035 |
|
|
|a (OCoLC)3621732
|5 LACONCORD2021
|
| 100 |
1 |
|
|a Dos Passos, John,
|d 1896-1970.
|
| 245 |
1 |
0 |
|a Mr. Wilson's war /
|c by John Dos Passos.
|
| 260 |
|
|
|a London :
|b Hamish Hamilton,
|c 1963.
|
| 300 |
|
|
|a 517 p.
|
| 600 |
1 |
0 |
|a Wilson, Woodrow,
|d 1856-1924.
|
| 650 |
|
0 |
|a World War, 1914-1918
|z United States.
|
| 852 |
8 |
|
|b CARM
|h A1:AO01C0
|i C09432
|p 0357376
|f BK
|
| 082 |
0 |
4 |
|a 973.913
|
| 999 |
f |
f |
|i 1066d56a-0803-5c4b-bfe4-2db302330547
|s 7c2ffffb-b3e6-58ac-8b54-fa4927cd0cad
|
| 952 |
f |
f |
|p Can circulate
|a CAVAL
|b CAVAL
|c CAVAL
|d CARM 1 Store
|e C09432
|f A1:AO01C0
|h Other scheme
|i book
|m 0357376
|